<?xml version="1.0" encoding="UTF-8"?>
<record
    xmlns:xsi="http://www.w3.org/2001/XMLSchema-instance"
    xsi:schemaLocation="http://www.loc.gov/MARC21/slim http://www.loc.gov/standards/marcxml/schema/MARC21slim.xsd"
    xmlns="http://www.loc.gov/MARC21/slim">

  <leader>04316nam a2200409 a 4500</leader>
  <controlfield tag="003">CHAP</controlfield>
  <controlfield tag="005">20241217112354.0</controlfield>
  <controlfield tag="007">ta</controlfield>
  <controlfield tag="008">241217s2007    mx ad||frm||| 001 0 spa d</controlfield>
  <datafield tag="040" ind1=" " ind2=" ">
    <subfield code="a">mxchpua</subfield>
    <subfield code="c">CHAP</subfield>
  </datafield>
  <datafield tag="041" ind1="0" ind2=" ">
    <subfield code="a">spa</subfield>
    <subfield code="b">eng</subfield>
  </datafield>
  <datafield tag="090" ind1=" " ind2=" ">
    <subfield code="a">Tesis</subfield>
    <subfield code="b">Z38</subfield>
    <subfield code="c">2007</subfield>
  </datafield>
  <datafield tag="100" ind1="1" ind2=" ">
    <subfield code="a">Zavaleta Mendoza, Ma. de los &#xC1;ngeles</subfield>
  </datafield>
  <datafield tag="240" ind1="1" ind2="0">
    <subfield code="a">Evaluation of genuine cream fermented with lactic acidaromatizing bacteria.</subfield>
    <subfield code="l">Espa&#xF1;ol</subfield>
  </datafield>
  <datafield tag="245" ind1="1" ind2="0">
    <subfield code="a">Evaluaci&#xF3;n de cremas genuinas fermentadas con bacterias l&#xE1;cticas &#xE1;cido-aromatizantes /</subfield>
    <subfield code="c">Ma. de los &#xC1;ngeles Zavaleta Mendoza</subfield>
  </datafield>
  <datafield tag="264" ind1=" " ind2=" ">
    <subfield code="a">Chapingo, M&#xE9;xico :</subfield>
    <subfield code="b">El autor,</subfield>
    <subfield code="c">2007</subfield>
  </datafield>
  <datafield tag="300" ind1=" " ind2=" ">
    <subfield code="a">vii, 97 hojas :</subfield>
    <subfield code="b">ilustraciones, gr&#xE1;ficas, diagramas, tablas</subfield>
  </datafield>
  <datafield tag="336" ind1=" " ind2=" ">
    <subfield code="2">rdacontent</subfield>
    <subfield code="a">texto</subfield>
    <subfield code="b">txt</subfield>
  </datafield>
  <datafield tag="337" ind1=" " ind2=" ">
    <subfield code="2">rdamedia</subfield>
    <subfield code="a">sin medio</subfield>
    <subfield code="b">n</subfield>
  </datafield>
  <datafield tag="338" ind1=" " ind2=" ">
    <subfield code="2">rdacarrier</subfield>
    <subfield code="a">volumen</subfield>
    <subfield code="b">nc</subfield>
  </datafield>
  <datafield tag="502" ind1=" " ind2=" ">
    <subfield code="a">Tesis</subfield>
    <subfield code="b">(Ingeniero Agroindustrial) -- </subfield>
    <subfield code="c">UACh. Departamento de Ingenier&#xED;a Agroindustrial,</subfield>
    <subfield code="d">2007</subfield>
  </datafield>
  <datafield tag="504" ind1=" " ind2=" ">
    <subfield code="a">Bibliograf&#xED;a: hojas 77-81</subfield>
  </datafield>
  <datafield tag="520" ind1="3" ind2=" ">
    <subfield code="a">La crema fermentada es un gel &#xE1;cido de aroma y sabor delicados resultado del crecimiento y actividad de bacterias de los g&#xE9;neros Lactococcus y Leuconostoc. Existe gran variedad de cremas &#xE1;cidas presentes en el mercado mexicano, sin embargo, muy pocas o ninguna, son cremas fermentadas. El objetivo de este trabajo fue evaluar las diferencias f&#xED;sicas y sensoriales de cremas de mesa con distintos tratamientos con 30% de grasa, tres de ellas fermentadas con cultivo comercial: 901 (Lactococcus lactis ssp. lactis y ssp. cremoris), SSK26 (Lactococcus y Leuconostoc) y SSK 26 enriquecida con 0.2% de citrato de sodio (tratamiento 2, 3, 4, respectivamente), y una acidificada con 0.3% de &#xE1;cido c&#xED;trico (tratamiento 1). Se encontraron diferencias significativas en las medidas instrumentales de consistencia, viscosidad y color. As&#xED;mismo, el comportamiento observado en las cremas fue no newtoniano y tixotr&#xF3;pico. La prueba discriminativa mostr&#xF3; diferencias en los tratamientos 1, 2, 3. En el An&#xE1;lisis Descriptivo Cuantitativo (QDA), se encontraron 11 atributos que caracterizaban cada una de las cremas evaluadas (tratamiento 1, 2, 3 y crema comercial). La diferencia en la aceptaci&#xF3;n de los tratamientos 1, 2 y 3 no fue significativa, mientras que la crema comercial obtuvo la mayor aceptabilidad por parte de los consumidores debido a que present&#xF3; los atributos de mayor intensidad de aroma a mantequilla, mayor consistencia, presencia de sal y la menor percepci&#xF3;n de acidez.  --</subfield>
  </datafield>
  <datafield tag="520" ind1="3" ind2=" ">
    <subfield code="a">Fermented cream is an acid gel of delicate flavour, resulting from the growth and activity of bacteria of the genuses Lactococcus and Leuconostoc. There is a great variety of sour creams in the Mexican market; however, very few or none are fermented. The aim of this study was to evaluate physical and sensory differences among 30 % fat tabletop cream treatments, three of them fermented with a commercial starter culture: 901 (Lactococcus lactis ssp. lactis and ssp. cremoris), SSK26 (Lactococcus and Leuconostoc), and SSK26 enriched with 0.2 % sodium citrate (treatments 2, 3 and 4, respectively), and cream acidified with 0.3 % citric acid (treatment 1). Significant differences were found for instrumental consistency, viscosity and color. Cream treatments observed a non-newtonian and thixotropic behavior. Discriminative tests showed differences for treatments 1, 2 and 3. Cream treatments (treatments 1, 2, 3 and commercial cream) were characterized by eleven sensory attributes identified by Quantitative Descriptive Analysis (QDA). Commercial cream, given greater scores for buttery aroma, consistency, saltiness and the lowest score for sourness, was best accepted by consumers, whereas treatments 1, 2 and 3 were equally preferred.  </subfield>
  </datafield>
  <datafield tag="650" ind1="1" ind2="3">
    <subfield code="a">Crema agria</subfield>
    <subfield code="2">atg</subfield>
  </datafield>
  <datafield tag="650" ind1="1" ind2="3">
    <subfield code="a">Bacterias del &#xE1;cido l&#xE1;ctico  </subfield>
    <subfield code="2">atg</subfield>
  </datafield>
  <datafield tag="650" ind1="1" ind2="3">
    <subfield code="a">Evaluaci&#xF3;n sensorial de los alimentos  </subfield>
    <subfield code="2">atg</subfield>
  </datafield>
  <datafield tag="650" ind1="1" ind2="3">
    <subfield code="a">Sour cream</subfield>
    <subfield code="2">atg</subfield>
  </datafield>
  <datafield tag="650" ind1="1" ind2="3">
    <subfield code="a">Lactic acid bacteria</subfield>
    <subfield code="2">atg</subfield>
  </datafield>
  <datafield tag="650" ind1="1" ind2="3">
    <subfield code="a">Sensory evaluation  </subfield>
    <subfield code="2">atg</subfield>
  </datafield>
  <datafield tag="700" ind1="1" ind2=" ">
    <subfield code="a">Villegas de Gante, Abraham Zacarias</subfield>
    <subfield code="e">director</subfield>
  </datafield>
  <datafield tag="700" ind1="1" ind2=" ">
    <subfield code="a">Hern&#xE1;ndez Montes, Arturo</subfield>
    <subfield code="e">asesor</subfield>
  </datafield>
  <datafield tag="700" ind1="1" ind2=" ">
    <subfield code="a">Leyva Ruelas, Gabriel</subfield>
    <subfield code="e">asesor</subfield>
  </datafield>
  <datafield tag="856" ind1="4" ind2="2">
    <subfield code="u">http://10.13.5.2/tesis/105660.pdf</subfield>
    <subfield code="y">DESCARGAR PDF</subfield>
  </datafield>
  <datafield tag="901" ind1=" " ind2=" ">
    <subfield code="a">TESIS Z38 2007</subfield>
  </datafield>
  <datafield tag="942" ind1=" " ind2=" ">
    <subfield code="2">Clasificaci&#xF3;n Universidad Aut&#xF3;noma Chapingo</subfield>
    <subfield code="c">Tesis</subfield>
  </datafield>
  <datafield tag="999" ind1=" " ind2=" ">
    <subfield code="c">220319</subfield>
    <subfield code="d">220319</subfield>
  </datafield>
  <datafield tag="952" ind1=" " ind2=" ">
    <subfield code="0">0</subfield>
    <subfield code="1">0</subfield>
    <subfield code="2">local</subfield>
    <subfield code="4">0</subfield>
    <subfield code="5">1</subfield>
    <subfield code="7">0</subfield>
    <subfield code="8">TESIS</subfield>
    <subfield code="a">IA_</subfield>
    <subfield code="b">IA_</subfield>
    <subfield code="d">2024-12-17</subfield>
    <subfield code="e">El autor</subfield>
    <subfield code="l">0</subfield>
    <subfield code="o">Tesis Z38 2007</subfield>
    <subfield code="p">1101015130</subfield>
    <subfield code="r">2026-02-02 00:00:00</subfield>
    <subfield code="t">Ej. 1</subfield>
    <subfield code="w">2024-12-17</subfield>
    <subfield code="y">TESIS</subfield>
  </datafield>
  <datafield tag="952" ind1=" " ind2=" ">
    <subfield code="0">0</subfield>
    <subfield code="1">0</subfield>
    <subfield code="2">local</subfield>
    <subfield code="4">0</subfield>
    <subfield code="5">5</subfield>
    <subfield code="7">0</subfield>
    <subfield code="8">TESIS</subfield>
    <subfield code="a">IA_</subfield>
    <subfield code="b">IA_</subfield>
    <subfield code="d">2024-12-17</subfield>
    <subfield code="e">El autor</subfield>
    <subfield code="l">0</subfield>
    <subfield code="o">Tesis Z38 2007</subfield>
    <subfield code="p">1101015131</subfield>
    <subfield code="r">2026-02-02 00:00:00</subfield>
    <subfield code="t">Ej. 2</subfield>
    <subfield code="w">2024-12-17</subfield>
    <subfield code="y">TESIS</subfield>
  </datafield>
  <datafield tag="952" ind1=" " ind2=" ">
    <subfield code="0">0</subfield>
    <subfield code="1">0</subfield>
    <subfield code="2">local</subfield>
    <subfield code="4">0</subfield>
    <subfield code="7">0</subfield>
    <subfield code="8">TesDigL</subfield>
    <subfield code="a">IA_</subfield>
    <subfield code="b">IA_</subfield>
    <subfield code="c">E_L</subfield>
    <subfield code="d">2024-12-17</subfield>
    <subfield code="e">El autor</subfield>
    <subfield code="l">0</subfield>
    <subfield code="p">1201015130</subfield>
    <subfield code="r">2024-12-17 11:25:31</subfield>
    <subfield code="w">2024-12-17</subfield>
    <subfield code="y">TD</subfield>
  </datafield>
</record>
